Islam and the Future (Record no. 348591)

000 -LEADER
fixed length control field 00335 a2200133 4500
082 ## - DEWEY DECIMAL CLASSIFICATION NUMBER
Classification number 297.09048 IKR
090 ## - LOCALLY ASSIGNED LC-TYPE CALL NUMBER (OCLC); LOCAL CALL NUMBER (RLIN)
-- 6219
-- 6219
100 ## - MAIN ENTRY--PERSONAL NAME
Personal name Azam, Ikram
245 ## - TITLE STATEMENT
Title Islam and the Future
Statement of responsibility, etc. Ikram Azam
Number of part/section of a work English
260 ## - PUBLICATION, DISTRIBUTION, ETC.
Place of publication, distribution, etc. Islamabad
Name of publisher, distributor, etc. ABC Enterprises
Date of publication, distribution, etc. 2003
300 ## - PHYSICAL DESCRIPTION
Extent 393
500 ## - GENERAL NOTE
General note papercover
942 ## - ADDED ENTRY ELEMENTS (KOHA)
Institution code [OBSOLETE] NBS
Koha item type Book
Call number prefix 297.09048 IKR
Holdings
Withdrawn status Lost status Damaged status Not for loan Permanent Location Current Location Date acquired Total Checkouts Full call number Barcode Date last seen Price effective from Koha item type
        Central Library (CL) Central Library (CL) 08/28/2013   297.09048 IKR NBSD-1726 03/17/2026 08/28/2013 Book
© 2023 Central Library, National University of Sciences and Technology. All Rights Reserved.